| 000 | 00545nam a22001697a 4500 | ||
|---|---|---|---|
| 005 | 20250912152758.0 | ||
| 008 | 250912b |||||||| |||| 00| 0 eng d | ||
| 040 | _aMAIN | ||
| 082 |
_a572.7 _bV663P |
||
| 100 | _aVicky | ||
| 245 | _aProduction and characterization of lignocellulolytic enzymes by solid state fermentation and their application in bioethanol production | ||
| 260 |
_bDepartment of Microbiology, M D University, Rohtak _c2024 |
||
| 300 | _axx, 145 | ||
| 650 | _aMicrobiology | ||
| 700 | _aKapoor, Rajeev Kumar | ||
| 942 | _cTH | ||
| 999 |
_c393509 _d393509 |
||